|
|
|
|
| LEADER |
00000naa a2200000uu 4500 |
| 001 |
vtls011060380 |
| 003 |
SK-MaSNL |
| 005 |
20260302111732.0 |
| 008 |
210910|2008 xo |||||||||||||||||slo| |
| 015 |
|
|
|a SNBRA
|
| 035 |
|
|
|a (urnnbn)urn:nbn:sk:snk:ar-a0c25a
|
| 035 |
|
|
|a (uuid)95b01044-e267-4a6a-8a9d-e11193d9786d
|
| 035 |
|
|
|a urn:nbn:sk:snk-aav8on
|
| 040 |
|
|
|a SNKBUCL
|b slo
|c SNKBUCL
|e AACR2
|
| 041 |
0 |
|
|a slo
|
| 044 |
|
|
|a xo
|c SK
|
| 100 |
1 |
|
|a Stropkovská, Andrea
|4 aut
|9 789673
|
| 245 |
1 |
0 |
|a Analýza protilátkovej odpovede myší na intranazálnu expozíciu vtáčiemu vírusu chrípky A subtypu H4
|c Andrea Stropkovská, Eva Varečková, František Kostolanský, Tatiana Fislová
|
| 700 |
1 |
|
|a Varečková, Eva,
|d 1949-
|4 aut
|9 210643
|
| 700 |
1 |
|
|a Kostolanský, František
|4 aut
|9 48910
|
| 700 |
1 |
|
|a Fislová, Tatiana
|4 aut
|9 23975
|
| 773 |
0 |
|
|t Študentská vedecká konferencia
|d Bratislava : Iris, 2008
|g S. 281-283
|z 9788089238163
|
| 958 |
|
|
|a OND
|
| 958 |
|
|
|a article12
|
| 958 |
|
|
|a chapter
|
| 999 |
|
|
|c 1248762
|d 1250692
|